000 00513nam a22001937a 4500
003 OSt
005 20140310182954.0
008 130207t xxu||||| |||| 00| 0 eng d
020 _a9789710172269
050 _aHB 171.5
_b.C889 2011
100 _aCruz, Peter T.
245 _aIntroduction to economics IV /
_cPeter T. Cruz
260 _aQuezon City :
_bC & E Publishing,
_c2011.
300 _ax, 386 p. :
_c26 cm.
_bill. ;
521 _aBSBA
650 _aEconomics.
942 _2lcc
_cBK
_kLOC
999 _c17962
_d17962